000
00231nam a22000857a 4500
008
230921b |||||||| |||| 00| 0 eng d
020
_a
9781421582559
100
_a
Kusaka Hidenori
_9
7698
245
_a
Pokemon Adventures (Special Edition)-4
999
_c
12425
_d
12425